000 00382nam a2200157Ia 4500
003 Ost
005 20260225132543.0
008 260225s9999||||xx |||||||||||||| ||und||
040 _cfsic
041 _afre
082 _a440
100 _aSeddik Touati
_eAuteur
245 0 _aVars un systeme bancaire conforme à la charia islamique /
245 0 _cSeddik Touati
942 _cكتاب
999 _c33651
_d33651